| 000 | 00523 a2200181 4500 | ||
|---|---|---|---|
| 003 | Nust | ||
| 005 | 20170207153408.0 | ||
| 020 | _a0553480529 | ||
| 040 | _cNust | ||
| 082 | _a808.83 | ||
| 100 | _aJamie Suzanne | ||
| 245 |
_aSweet valley twins and freinds patty's last dance _cJamie Suzanne _hFrancine Pascal |
||
| 260 |
_aA Bantam Skylark Book _bNew York _c1992 |
||
| 300 |
_a135 p _billus _c24 cm |
||
| 538 | _aAlmirah No.58 Shelf No.2 | ||
| 600 | _aJamie Suzanne | ||
| 650 | _aSweet valley twins and freinds patty's last dance | ||
| 942 |
_2ddc _cBK |
||
| 999 |
_c185262 _d185262 |
||